00341 a2200109 4500001001000000005001700010008004100027245005900068100002000127773006700147999001700214ART_1206020260410161903.0260409a 10aThe allocation of household income to food consumption1 aHymans, Saul H.0 tJournal of econometricsg- Vol. 4, NÂș 2 (may. 1976)wREV11720 c26060d26060